[Event "Robecchetto op-A 18th"]
[White "Quirico, Paolo"]
[Black "Romano, Zeno"]
[Site "Robecchetto"]
[Round "6"]
[Result "0-1"]
[Date "2007.12.30"]
[WhiteElo "2092"]
[BlackElo "1931"]
[PlyCount "50"]
[EventDate "2007.12.27"]
[EventType "swiss"]
[EventRounds "6"]
[EventCountry "ITA"]
[SourceTitle "EXT 2011"]
[Source "ChessBase"]
[SourceDate "2010.11.26"]
[SourceVersion "1"]
[SourceVersionDate "2010.11.26"]
[SourceQuality "1"]

1. d4 d5 2. Nf3 Nf6 3. Bf4 e6 4. e3 Be7 5. Ne5 Nbd7 6. Nd2 0-0 7. Bd3 Ne8 8. h4 f6 9. Bxh7+ Kxh7 10. Qh5+ Kg8 11. Ng6 Nd6 12. Nf3 Ne4 13. g4 Re8 14. g5 Bd6 15. gxf6 Nexf6 16. Qh8+ Kf7 17. Ng5+ Kxg6 18. h5+ Kf5 19. Nf3 e5 20. dxe5 Bxe5 21. Qxg7 Bxf4 22. Nd4+ Ke5 23. exf4+ Kxd4+ 24. Kf1 Qe7 25. Qg3 Qe2+ 0-1

[Event "Robecchetto op-A 18th"]
[White "Romano, Zeno"]
[Black "Barlocco, Carlo"]
[Site "Robecchetto"]
[Round "1"]
[Result "0-1"]
[Date "2007.12.27"]
[WhiteElo "1931"]
[BlackElo "2134"]
[PlyCount "106"]
[EventDate "2007.12.27"]
[EventType "swiss"]
[EventRounds "6"]
[EventCountry "ITA"]
[SourceTitle "EXT 2011"]
[Source "ChessBase"]
[SourceDate "2010.11.26"]
[SourceVersion "1"]
[SourceVersionDate "2010.11.26"]
[SourceQuality "1"]

1. e4 g6 2. d4 Bg7 3. Be3 c5 4. Nf3 Nc6 5. Nc3 cxd4 6. Nxd4 Nf6 7. Be2 0-0 8. Qd2 d5 9. exd5 Nxd5 10. Nxd5 Qxd5 11. Bf3 Qe5 12. Nxc6 bxc6 13. c3 Ba6 14. Be2 Rfd8 15. Qc2 Bxe2 16. Qxe2 Rab8 17. 0-0 Rd7 18. Rfd1 Rdb7 19. Rd2 Qe6 20. Qd3 h6 21. b3 a5 22. Rad1 Kh7 23. Re2 Qf5 24. Qxf5 gxf5 25. Rd3 e6 26. Bf4 Rc8 27. Be5 a4 28. Bxg7 axb3 29. axb3 Rxb3 30. g3 Kxg7 31. Re5 c5 32. Rde3 Kf6 33. Kg2 Rxc3 34. Rxf5+ Kxf5 35. Rxc3 Ke4 36. Rc1 c4 37. Kf1 Kd3 38. Ke1 c3 39. Rd1+ Kc2 40. Rd7 Rc5 41. f4 Rc4 42. Ke2 Re4+ 43. Kf3 f5 44. g4 Kb3 45. Rd1 c2 46. Rg1 Kb2 47. g5 hxg5 48. fxg5 c1Q 49. Rxc1 Kxc1 50. h3 Rh4 51. Kg3 Rh8 52. h4 Kd2 53. g6 Ke3 0-1

[Event "Bergamo op"]
[White "Cambieri, Mario"]
[Black "Romano, Zeno"]
[Site "Bergamo"]
[Round "7"]
[Result "0-1"]
[Date "2007.11.23"]
[WhiteElo "1877"]
[BlackElo "1931"]
[PlyCount "102"]
[EventDate "2007.10.05"]
[EventType "swiss"]
[EventRounds "7"]
[EventCountry "ITA"]
[SourceTitle "EXT 2009"]
[Source "ChessBase"]
[SourceDate "2008.11.26"]
[SourceVersion "1"]
[SourceVersionDate "2008.11.26"]
[SourceQuality "1"]

1. c4 e5 2. Nc3 Nf6 3. g3 d6 4. Bg2 Be7 5. Nf3 c6 6. 0-0 0-0 7. e4 Nbd7 8. d4 Qc7 9. Qe2 Rd8 10. h3 a5 11. Be3 Bf8 12. Rac1 g6 13. Ne1 Bg7 14. Nd3 Nf8 15. dxe5 dxe5 16. Na4 N6d7 17. c5 Ne6 18. f4 exf4 19. Nxf4 Ne5 20. Nb6 Rb8 21. Nc4 Nxc4 22. Rxc4 Nxf4 23. Bxf4 Be5 24. Bg5 Re8 25. Bf4 b5 26. Rc2 Be6 27. b3 Rbd8 28. Rd2 Bxf4 29. gxf4 Rxd2 30. Qxd2 Rd8 31. Qc1 Qd7 32. Rf2 Bxh3 33. Bxh3 Qxh3 34. f5 Qg4+ 35. Kh2 Rd1 36. Qf4 Qxf4+ 37. Rxf4 Rd2+ 38. Kg3 Rxa2 39. fxg6 hxg6 40. Rf6 Ra3 41. Rxc6 Rxb3+ 42. Kf4 a4 43. Rb6 a3 44. c6 a2 45. Ra6 Rc3 46. Rxa2 Rxc6 47. Ra8+ Kg7 48. Rb8 Rc5 49. Ke3 Kf6 50. Rb7 Rc3+ 51. Kd4 Rb3 0-1

[Event "Bergamo op"]
[White "Minieri, Filippo"]
[Black "Romano, Zeno"]
[Site "Bergamo"]
[Round "4"]
[Result "1/2-1/2"]
[Date "2007.10.26"]
[WhiteElo "2124"]
[BlackElo "1931"]
[PlyCount "58"]
[EventDate "2007.10.05"]
[EventType "swiss"]
[EventRounds "7"]
[EventCountry "ITA"]
[SourceTitle "EXT 2009"]
[Source "ChessBase"]
[SourceDate "2008.11.26"]
[SourceVersion "1"]
[SourceVersionDate "2008.11.26"]
[SourceQuality "1"]

1. c4 e5 2. e3 Nf6 3. d4 exd4 4. exd4 Bb4+ 5. Nc3 d5 6. Bg5 Qe7+ 7. Be2 c6 8. Nf3 0-0 9. 0-0 Be6 10. Ne5 Bxc3 11. bxc3 Nbd7 12. f4 dxc4 13. Qe1 c5 14. Qg3 Kh8 15. f5 Bd5 16. Nxd7 Qxd7 17. Bxf6 gxf6 18. Qh4 Qd6 19. Rad1 Rg8 20. Bf3 Bxf3 21. Rxf3 Rae8 22. Qh5 Qd5 23. Rg3 cxd4 24. Rxd4 Qe5 25. Rd1 Rxg3 26. hxg3 Qxg3 27. Qxf7 Qe3+ 28. Kh1 Qh6+ 29. Kg1 Qe3+ 1/2-1/2

[Event "Bergamo op"]
[White "Mazzotti, Federico"]
[Black "Romano, Zeno"]
[Site "Bergamo"]
[Round "2"]
[Result "1/2-1/2"]
[Date "2007.10.12"]
[WhiteElo "1853"]
[BlackElo "1931"]
[PlyCount "65"]
[EventDate "2007.10.05"]
[EventType "swiss"]
[EventRounds "7"]
[EventCountry "ITA"]
[SourceTitle "EXT 2009"]
[Source "ChessBase"]
[SourceDate "2008.11.26"]
[SourceVersion "1"]
[SourceVersionDate "2008.11.26"]
[SourceQuality "1"]

1. e4 e5 2. Nf3 Nc6 3. Bb5 a6 4. Ba4 Nf6 5. 0-0 Be7 6. Re1 b5 7. Bb3 d6 8. c3 Na5 9. Bc2 c5 10. d4 Qc7 11. d5 0-0 12. Nbd2 c4 13. a4 Bd7 14. axb5 axb5 15. Nf1 Nb7 16. Rxa8 Rxa8 17. Ne3 Nc5 18. Nf5 Bxf5 19. exf5 Qb7 20. Be3 Na4 21. Bc1 Nb6 22. Bg5 Nbxd5 23. Bxf6 Nxf6 24. g4 Rd8 25. g5 Ne8 26. g6 fxg6 27. fxg6 h6 28. Bf5 Nc7 29. Nd4 Bf6 30. Ne6 Rb8 31. Nxc7 Qxc7 32. Qd5+ Kf8 33. Rd1 1/2-1/2

[Event "Bergamo op"]
[White "Romano, Zeno"]
[Black "Riva, Carlo"]
[Site "Bergamo"]
[Round "1"]
[Result "1-0"]
[Date "2007.10.05"]
[WhiteElo "1931"]
[BlackElo "1571"]
[PlyCount "120"]
[EventDate "2007.10.05"]
[EventType "swiss"]
[EventRounds "7"]
[EventCountry "ITA"]
[SourceTitle "EXT 2009"]
[Source "ChessBase"]
[SourceDate "2008.11.26"]
[SourceVersion "1"]
[SourceVersionDate "2008.11.26"]
[SourceQuality "1"]

1. e4 c5 2. Nf3 d6 3. d4 cxd4 4. Nxd4 Nf6 5. Nc3 g6 6. Be3 Bg7 7. f3 0-0 8. Qd2 Nc6 9. 0-0-0 Nxd4 10. Bxd4 Be6 11. g4 Qa5 12. Kb1 Kh8 13. h4 Ne8 14. h5 Bxd4 15. Qxd4+ Kg8 16. hxg6 fxg6 17. Bb5 Bxa2+ 18. Kc1 Be6 19. Bxe8 Raxe8 20. Rxh7 Qg5+ 21. Kb1 Qf6 22. Rh3 Qxd4 23. Rxd4 a6 24. Kc1 Kg7 25. Rd1 Rh8 26. Rdh1 Rxh3 27. Rxh3 Rh8 28. Rxh8 Kxh8 29. g5 Kg7 30. Kd2 Kf7 31. Kd3 Ke8 32. Kd4 Kd7 33. Ne2 Bf7 34. f4 Kc6 35. f5 e6 36. f6 e5+ 37. Kd3 a5 38. Ng3 b5 39. c3 Kc5 40. Kc2 a4 41. Nf1 d5 42. exd5 Kxd5 43. Kd3 e4+ 44. Ke3 Be6 45. Nd2 Ke5 46. Nxe4 Kd5 47. Nd2 Bf7 48. Nf3 Bg8 49. Kd3 Bf7 50. Nh2 Ke5 51. Ng4+ Kf4 52. Nh6 Bc4+ 53. Kd4 Kxg5 54. f7 Bxf7 55. Nxf7+ Kf6 56. Nd6 Ke6 57. Nxb5 Kf5 58. Nd6+ Kf4 59. Ne4 g5 60. Nxg5 Kxg5 1-0

[Event "Bratto op-B 27th"]
[White "Barrera, Pietro"]
[Black "Romano, Zeno"]
[Site "Bratto"]
[Round "8"]
[Result "0-1"]
[Date "2007.08.31"]
[WhiteElo "1905"]
[BlackElo "1866"]
[PlyCount "80"]
[EventDate "2007.08.24"]
[EventType "swiss"]
[EventRounds "8"]
[EventCountry "ITA"]
[SourceTitle "CBM 120 Extra"]
[Source "ChessBase"]
[SourceDate "2007.11.01"]
[SourceVersion "1"]
[SourceVersionDate "2007.11.01"]
[SourceQuality "1"]

1. d4 d5 2. Nf3 Nf6 3. Bg5 e6 4. e3 Be7 5. Bd3 0-0 6. 0-0 b6 7. Nbd2 Bb7 8. Bxf6 Bxf6 9. Qe2 Nd7 10. Rad1 Qe7 11. c3 c5 12. Rfe1 Rfd8 13. Bb1 Rac8 14. Nf1 g6 15. h3 Bg7 16. e4 dxe4 17. Bxe4 Bxe4 18. Qxe4 cxd4 19. Nxd4 Nf6 20. Qe2 Nd5 21. a3 Qb7 22. Qe4 Qd7 23. Ne3 Qb5 24. Rd2 Rc7 25. Qh4 Rcd7 26. Red1 Ne7 27. g4 Nc6 28. g5 e5 29. Ng4 Nxd4 30. cxd4 Rxd4 31. Rxd4 Rxd4 32. Rxd4 exd4 33. Nf6+ Bxf6 34. gxf6 Qe5 35. f4 Qd6 36. Kf1 h5 37. Qg5 Qe6 38. h4 d3 39. Qe5 Qxe5 40. fxe5 g5 0-1

[Event "Bratto op-B 27th"]
[White "Cobas Ferrer, Dayamy"]
[Black "Romano, Zeno"]
[Site "Bratto"]
[Round "4"]
[Result "1-0"]
[Date "2007.08.27"]
[WhiteElo "1992"]
[BlackElo "1866"]
[PlyCount "83"]
[EventDate "2007.08.24"]
[EventType "swiss"]
[EventRounds "8"]
[EventCountry "ITA"]
[SourceTitle "CBM 120 Extra"]
[Source "ChessBase"]
[SourceDate "2007.11.01"]
[SourceVersion "1"]
[SourceVersionDate "2007.11.01"]
[SourceQuality "1"]

1. e4 e5 2. Bc4 Nf6 3. d3 Bc5 4. Nf3 Nc6 5. 0-0 d6 6. c3 0-0 7. Re1 h6 8. Nbd2 Bb6 9. h3 Be6 10. Bb5 Ne7 11. d4 Ng6 12. Nf1 c6 13. Ba4 Qc7 14. Bc2 Rad8 15. Ne3 Rfe8 16. c4 Nf8 17. d5 cxd5 18. cxd5 Bd7 19. Bd3 Ba5 20. Re2 b5 21. Nh4 Bb6 22. Rc2 Qb8 23. Qf3 Bxe3 24. Bxe3 N8h7 25. Nf5 Bxf5 26. Qxf5 a6 27. Rc6 Rc8 28. Rac1 Rxc6 29. Rxc6 a5 30. Rb6 Qc7 31. Bxb5 Rb8 32. Rc6 Qd8 33. a4 g6 34. Qf3 Ng5 35. Bxg5 hxg5 36. Qe3 Rb7 37. Qxg5 Qe7 38. Qe3 Nd7 39. Rc8+ Kg7 40. Ra8 Nc5 41. Rxa5 Qd8 42. b4 1-0

[Event "ITA-ch U20"]
[White "Stella, Andrea"]
[Black "Romano, Zeno"]
[Site "Fiuggi"]
[Round "7"]
[Result "1-0"]
[Date "2007.07.24"]
[WhiteElo "2114"]
[BlackElo "1853"]
[PlyCount "49"]
[EventDate "2007.07.18"]
[EventType "swiss"]
[EventRounds "9"]
[EventCountry "ITA"]
[SourceTitle "CBM 119 Extra"]
[Source "ChessBase"]
[SourceDate "2007.09.04"]
[SourceVersion "1"]
[SourceVersionDate "2007.09.04"]
[SourceQuality "1"]

1. e4 c5 2. Nf3 d6 3. d4 cxd4 4. Nxd4 Nf6 5. Nc3 g6 6. Be3 Bg7 7. f3 0-0 8. Qd2 Nc6 9. 0-0-0 Bd7 10. g4 Qa5 11. Kb1 a6 12. h4 Nxd4 13. Bxd4 b5 14. Nd5 b4 15. Nxe7+ Kh8 16. Nd5 Nxd5 17. Bxg7+ Kxg7 18. Qxd5 Qa4 19. Bc4 Bb5 20. Bb3 Qa5 21. h5 Qb6 22. hxg6 hxg6 23. Qg5 Qc7 24. f4 Be8 25. Qh6+ 1-0

[Event "Bergamo op 19th"]
[White "Sala, Giovanni"]
[Black "Romano, Zeno"]
[Site "Bergamo"]
[Round "4"]
[Result "1/2-1/2"]
[Date "2007.01.20"]
[WhiteElo "1952"]
[BlackElo "1850"]
[PlyCount "49"]
[EventDate "2007.01.13"]
[EventType "swiss"]
[EventRounds "6"]
[EventCountry "ITA"]
[SourceTitle "EXT 2009"]
[Source "ChessBase"]
[SourceDate "2008.11.26"]
[SourceVersion "1"]
[SourceVersionDate "2008.11.26"]
[SourceQuality "1"]

1. e4 e5 2. Nf3 Nc6 3. Bb5 a6 4. Bxc6 dxc6 5. 0-0 Bg4 6. h3 Bxf3 7. Qxf3 Qd7 8. d3 Bd6 9. Be3 Ne7 10. Nd2 f6 11. Qg4 f5 12. exf5 Nxf5 13. Qh5+ g6 14. Qe2 0-0-0 15. Ne4 Rdf8 16. c3 Rhg8 17. b4 g5 18. a4 Nh4 19. Qg4 Nf5 20. Rfb1 h5 21. Qxh5 g4 22. hxg4 Nxe3 23. fxe3 Rh8 24. Qg6 Rhg8 25. Qh5 1/2-1/2

[Event "Bergamo op 19th"]
[White "Romano, Zeno"]
[Black "Ranfagni, Stefano"]
[Site "Bergamo"]
[Round "2"]
[Result "1-0"]
[Date "2007.01.14"]
[WhiteElo "1850"]
[BlackElo "2046"]
[PlyCount "61"]
[EventDate "2007.01.13"]
[EventType "swiss"]
[EventRounds "6"]
[EventCountry "ITA"]
[SourceTitle "EXT 2009"]
[Source "ChessBase"]
[SourceDate "2008.11.26"]
[SourceVersion "1"]
[SourceVersionDate "2008.11.26"]
[SourceQuality "1"]

1. e4 e6 2. d4 d5 3. e5 c5 4. c3 Nc6 5. Nf3 Bd7 6. Be2 cxd4 7. cxd4 Rc8 8. 0-0 Nge7 9. Be3 Qb6 10. Qd2 Nf5 11. Nc3 Bb4 12. Rac1 0-0 13. Bd3 Na5 14. g4 Nxe3 15. fxe3 Nc4 16. Qg2 g6 17. Qh3 Be7 18. Qh6 Qxb2 19. Rc2 Qb6 20. h4 Rfe8 21. h5 Bf8 22. Qf4 Re7 23. Ng5 Bh6 24. Rh2 Nxe5 25. Qxe5 Bg7 26. Qf4 Rxc3 27. hxg6 hxg6 28. Bxg6 fxg6 29. Rh8+ Kxh8 30. Qh2+ Bh6 31. Qxh6+ 1-0

[Event "Robecchetto op"]
[White "Romano, Zeno"]
[Black "Schingaro, Angelo"]
[Site "Robecchetto"]
[Round "3"]
[Result "1/2-1/2"]
[Date "2006.12.28"]
[WhiteElo "1850"]
[BlackElo "1704"]
[PlyCount "34"]
[EventDate "2006.12.27"]
[EventType "swiss"]
[EventRounds "6"]
[EventCountry "ITA"]
[SourceTitle "CBM 116 Extra"]
[Source "ChessBase"]
[SourceDate "2007.03.07"]
[SourceVersion "1"]
[SourceVersionDate "2007.03.07"]
[SourceQuality "1"]

1. e4 c6 2. d4 d5 3. Nc3 dxe4 4. Nxe4 Nd7 5. Nf3 Ngf6 6. Ng3 e6 7. Bd3 c5 8. c3 cxd4 9. Nxd4 Be7 10. 0-0 0-0 11. Re1 Re8 12. Bb5 a6 13. Ba4 Qc7 14. Bc2 b5 15. Bg5 Bb7 16. Bxf6 Nxf6 17. Qe2 Bf8 1/2-1/2

[Event "Robecchetto op"]
[White "Romano, Zeno"]
[Black "Gagliardi, Christian"]
[Site "Robecchetto"]
[Round "1"]
[Result "0-1"]
[Date "2006.12.27"]
[WhiteElo "1850"]
[BlackElo "2119"]
[PlyCount "60"]
[EventDate "2006.12.27"]
[EventType "swiss"]
[EventRounds "6"]
[EventCountry "ITA"]
[SourceTitle "CBM 116 Extra"]
[Source "ChessBase"]
[SourceDate "2007.03.07"]
[SourceVersion "1"]
[SourceVersionDate "2007.03.07"]
[SourceQuality "1"]

1. e4 g6 2. d4 Bg7 3. Nc3 d6 4. Be3 a6 5. f4 b5 6. Bd3 Bb7 7. Nf3 Nd7 8. Qd2 c5 9. 0-0 cxd4 10. Nxd4 Ngf6 11. Rae1 Ng4 12. h3 Nxe3 13. Qxe3 Qb6 14. Nce2 e5 15. fxe5 dxe5 16. Qf2 0-0 17. Nb3 Qxf2+ 18. Rxf2 Rac8 19. Nc3 Nb6 20. Nd2 Rfd8 21. Ref1 Rc7 22. Nd1 Bh6 23. Nf3 Bf4 24. Re2 Nc4 25. Kf2 f6 26. g3 Bh6 27. Nh2 Bf8 28. Ng4 Kg7 29. Ke1 Bb4+ 30. Nc3 Nxb2 0-1

[Event "ITA-ch U20"]
[White "Sala, Giovanni"]
[Black "Romano, Zeno"]
[Site "Bratto"]
[Round "9"]
[Result "1-0"]
[Date "2006.08.27"]
[WhiteElo "1968"]
[BlackElo "1862"]
[PlyCount "53"]
[EventDate "2006.08.19"]
[EventType "swiss"]
[EventRounds "9"]
[EventCountry "ITA"]
[SourceTitle "CBM 113 Extra"]
[Source "ChessBase"]
[SourceDate "2006.09.14"]
[SourceVersion "1"]
[SourceVersionDate "2006.09.14"]
[SourceQuality "1"]

1. e4 e5 2. Nf3 Nc6 3. Bc4 Bc5 4. c3 Nf6 5. d4 exd4 6. e5 d5 7. Bb5 Ne4 8. cxd4 Bb4+ 9. Bd2 Nxd2 10. Bxc6+ bxc6 11. Nbxd2 c5 12. a3 Bxd2+ 13. Qxd2 cxd4 14. Qxd4 0-0 15. 0-0 Be6 16. b4 Qb8 17. Qc5 Qb6 18. Rac1 Rfc8 19. Nd4 a6 20. Rc3 a5 21. b5 Qxc5 22. Rxc5 Kf8 23. Rfc1 Ra7 24. b6 Rb7 25. Rxc7 Rbxc7 26. Nxe6+ fxe6 27. Rxc7 1-0

[Event "ITA-ch U20"]
[White "Marazzi, Dominic"]
[Black "Romano, Zeno"]
[Site "Bratto"]
[Round "7"]
[Result "1/2-1/2"]
[Date "2006.08.25"]
[WhiteElo "1679"]
[BlackElo "1862"]
[PlyCount "41"]
[EventDate "2006.08.19"]
[EventType "swiss"]
[EventRounds "9"]
[EventCountry "ITA"]
[SourceTitle "CBM 113 Extra"]
[Source "ChessBase"]
[SourceDate "2006.09.14"]
[SourceVersion "1"]
[SourceVersionDate "2006.09.14"]
[SourceQuality "1"]

1. Nf3 d5 2. d4 Nf6 3. c4 e6 4. Nc3 Be7 5. Bf4 0-0 6. e3 b6 7. Rc1 dxc4 8. Bxc4 Bd6 9. Bxd6 cxd6 10. 0-0 Bb7 11. d5 e5 12. Nd2 Nbd7 13. Nde4 Qe7 14. Qe2 Nxe4 15. Nxe4 f5 16. Nc3 Nf6 17. f3 Rac8 18. e4 f4 19. Ba6 g5 20. Bxb7 Qxb7 21. Nb5 1/2-1/2

[Event "ITA-ch U20"]
[White "Pulcini, Giorgio"]
[Black "Romano, Zeno"]
[Site "Bratto"]
[Round "5"]
[Result "0-1"]
[Date "2006.08.23"]
[WhiteElo "1659"]
[BlackElo "1862"]
[PlyCount "112"]
[EventDate "2006.08.19"]
[EventType "swiss"]
[EventRounds "9"]
[EventCountry "ITA"]
[SourceTitle "CBM 113 Extra"]
[Source "ChessBase"]
[SourceDate "2006.09.14"]
[SourceVersion "1"]
[SourceVersionDate "2006.09.14"]
[SourceQuality "1"]

1. e4 e5 2. Nf3 Nc6 3. Bc4 Bc5 4. Nc3 Nf6 5. d3 h6 6. 0-0 d6 7. Qe2 Bg4 8. Be3 Bb6 9. Bb5 0-0 10. h3 Be6 11. Bxc6 bxc6 12. Qd2 Qe7 13. Nh4 Nxe4 14. Nxe4 Qxh4 15. f4 exf4 16. Bxb6 axb6 17. Rxf4 Qh5 18. Qc3 c5 19. Rf3 f6 20. Re1 Qf7 21. Ref1 Bd5 22. Nxf6+ gxf6 23. Rxf6 Qg7 24. Rxf8+ Rxf8 25. Qxg7+ Kxg7 26. Re1 Rf7 27. a3 Kf6 28. c3 Re7 29. Rf1+ Kg6 30. Rf2 Re1+ 31. Rf1 Rxf1+ 32. Kxf1 Kf5 33. g3 h5 34. Kf2 c4 35. dxc4 Bxc4 36. Ke3 Ke5 37. Kf3 Be6 38. g4 hxg4+ 39. hxg4 Kd5 40. b3 Kc5 41. c4 Kd4 42. Kf4 Kc3 43. c5 dxc5 44. b4 cxb4 45. axb4 Kxb4 46. g5 c5 47. Ke5 Bg8 48. Kd6 c4 49. Kc6 c3 50. Kxb6 c2 51. Kb7 c1Q 52. g6 Kb5 53. g7 Qc6+ 54. Kb8 Qd7 55. Ka8 Kb6 56. Kb8 Qb7# 0-1

[Event "ITA-ch U20"]
[White "Romano, Zeno"]
[Black "Palmitessa, Andrea"]
[Site "Bratto"]
[Round "2"]
[Result "1-0"]
[Date "2006.08.20"]
[WhiteElo "1872"]
[BlackElo "1518"]
[PlyCount "57"]
[EventDate "2006.08.19"]
[EventType "swiss"]
[EventRounds "9"]
[EventCountry "ITA"]
[SourceTitle "CBM 113 Extra"]
[Source "ChessBase"]
[SourceDate "2006.09.14"]
[SourceVersion "1"]
[SourceVersionDate "2006.09.14"]
[SourceQuality "1"]

1. e4 e5 2. Nf3 Nc6 3. Bc4 Be7 4. d4 exd4 5. Nxd4 Ne5 6. Bb3 d6 7. 0-0 Nf6 8. Nc3 Bd7 9. f4 Ng6 10. Qe1 0-0 11. Kh1 c5 12. Nf3 Bc6 13. f5 Ne5 14. Nxe5 dxe5 15. Bg5 Nd7 16. Bxe7 Qxe7 17. Bd5 Bxd5 18. Nxd5 Qd8 19. f6 Nxf6 20. Rxf6 gxf6 21. Qh4 Kg7 22. Rf1 f5 23. Qg3+ Kh8 24. Rxf5 f6 25. Qh4 Kg7 26. Rh5 Rh8 27. Rh6 f5 28. Rf6 h6 29. Qg3+ 1-0

[Event "ITA-ch U20"]
[White "Fossati, Remigio"]
[Black "Romano, Zeno"]
[Site "Bratto"]
[Round "1"]
[Result "1-0"]
[Date "2006.08.19"]
[WhiteElo "2203"]
[BlackElo "1872"]
[PlyCount "83"]
[EventDate "2006.08.19"]
[EventType "swiss"]
[EventRounds "9"]
[EventCountry "ITA"]
[SourceTitle "CBM 113 Extra"]
[Source "ChessBase"]
[SourceDate "2006.09.14"]
[SourceVersion "1"]
[SourceVersionDate "2006.09.14"]
[SourceQuality "1"]

1. d4 d5 2. c4 e6 3. Nc3 Nf6 4. cxd5 exd5 5. Bg5 Be7 6. e3 0-0 7. Bd3 c6 8. Qc2 Nbd7 9. Nge2 Re8 10. 0-0 Nf8 11. f3 Qb6 12. Kh1 h6 13. Bh4 Be6 14. Bf2 Qc7 15. a3 Rad8 16. b4 b6 17. Rfc1 Qd7 18. Qd2 Bd6 19. e4 dxe4 20. fxe4 Bb8 21. Bg1 Bg4 22. e5 Nd5 23. Nxd5 Qxd5 24. Nf4 Qd7 25. Be4 Rxe5 26. Bxc6 Qd6 27. Qb2 Rf5 28. Nd3 Rh5 29. Ne5 Be6 30. Bf3 Rf5 31. Rc6 Qe7 32. Re1 Bxe5 33. dxe5 Bd5 34. Bxd5 Rxd5 35. Bd4 Ng6 36. e6 f6 37. Qc3 Ne5 38. Rc8+ Kh7 39. Qc2 Ng6 40. Rc7 Qe8 41. e7 Nh4 42. Rc8 1-0

[Event "ITA-ch U20"]
[White "Massironi, Marco"]
[Black "Romano, Zeno"]
[Site "Bratto"]
[Round "9"]
[Result "1-0"]
[Date "2005.08.28"]
[WhiteElo "2122"]
[BlackElo "1860"]
[PlyCount "45"]
[EventDate "2005.08.20"]
[EventType "swiss"]
[EventRounds "9"]
[EventCountry "ITA"]
[SourceTitle "EXT 2006"]
[Source "ChessBase"]
[SourceDate "2005.11.24"]
[SourceVersion "1"]
[SourceVersionDate "2005.11.24"]
[SourceQuality "1"]

1. e4 e5 2. Nf3 Nc6 3. Bb5 a6 4. Ba4 Nf6 5. 0-0 Be7 6. Re1 b5 7. Bb3 d6 8. c3 Na5 9. Bc2 c5 10. h3 0-0 11. d4 Qc7 12. Nbd2 Bd7 13. Nf1 Rfc8 14. Ne3 cxd4 15. cxd4 Nc4 16. Nxc4 Qxc4 17. Bb3 Qc7 18. Bd2 Bc6 19. Ng5 Be8 20. Bc3 Nd7 21. Qh5 Nf6 22. Bxf7+ Kf8 23. Ne6# 1-0

[Event "ITA-ch U20"]
[White "Bonagura, Stefano"]
[Black "Romano, Zeno"]
[Site "Bratto"]
[Round "6"]
[Result "1-0"]
[Date "2005.08.25"]
[WhiteElo "2018"]
[BlackElo "1860"]
[PlyCount "43"]
[EventDate "2005.08.20"]
[EventType "swiss"]
[EventRounds "9"]
[EventCountry "ITA"]
[SourceTitle "EXT 2006"]
[Source "ChessBase"]
[SourceDate "2005.11.24"]
[SourceVersion "1"]
[SourceVersionDate "2005.11.24"]
[SourceQuality "1"]

1. d4 d5 2. c4 e6 3. Nc3 Nf6 4. Bg5 Be7 5. Nf3 0-0 6. e3 h6 7. Bh4 b6 8. cxd5 Nxd5 9. Bxe7 Qxe7 10. Qc2 Bb7 11. a3 a5 12. Rc1 Nd7 13. Bd3 c5 14. 0-0 cxd4 15. Nxd5 Bxd5 16. e4 Bb7 17. Qc7 Ba6 18. Bxa6 Rxa6 19. Ne5 f6 20. Qxd7 Qxd7 21. Nxd7 Rd8 22. Rc7 1-0

[Event "Lombardia-ch"]
[White "Romano, Zeno"]
[Black "Marrone, Vincenzo"]
[Site "Monza"]
[Round "5"]
[Result "1-0"]
[Date "2005.05.22"]
[WhiteElo "1767"]
[BlackElo "1838"]
[PlyCount "105"]
[EventDate "2005.05.14"]
[EventType "swiss"]
[EventRounds "6"]
[EventCountry "ITA"]
[SourceTitle "EXT 2007"]
[Source "ChessBase"]
[SourceDate "2006.11.23"]
[SourceVersion "1"]
[SourceVersionDate "2006.11.23"]
[SourceQuality "1"]

1. e4 e6 2. d4 d5 3. e5 c5 4. c3 Nc6 5. Nf3 Qb6 6. Be2 cxd4 7. cxd4 Nh6 8. b3 Nf5 9. Bb2 Bb4+ 10. Kf1 Bd7 11. Nc3 Ncxd4 12. Nxd5 exd5 13. Nxd4 0-0 14. Nxf5 Bxf5 15. Qxd5 Rac8 16. Bd4 Qg6 17. Qf3 Rc2 18. Qe3 Rfc8 19. Bc4 b5 20. Bxb5 Bd2 21. Qg3 Bg4 22. f3 Rc1+ 23. Kf2 Qc2 24. Rhxc1 Bxc1+ 25. Be2 Be6 26. Qh4 Bf5 27. Kf1 Bd3 28. Qe1 Bd2 29. Qd1 Bxe2+ 30. Qxe2 Rd8 31. Be3 Qd3 32. Qxd3 Rxd3 33. Bxd2 Rxd2 34. b4 Rb2 35. a3 Kf8 36. Re1 Rb3 37. Ra1 Ke7 38. Kf2 Ke6 39. f4 Kf5 40. g3 g5 41. fxg5 Kxg5 42. Ra2 Kf5 43. Kg2 Kxe5 44. Kh3 Kf6 45. Kg4 Kg6 46. h3 h6 47. Kf4 Kf6 48. h4 h5 49. g4 hxg4 50. Kxg4 Kg6 51. h5+ Kh6 52. Kf5 Kxh5 53. Rh2+ 1-0

[Event "Arvier op 1st"]
[White "Romano, Zeno"]
[Black "Priori, Luigi"]
[Site "Arvier"]
[Round "7"]
[Result "1-0"]
[Date "2004.01.06"]
[WhiteElo "1494"]
[BlackElo "1588"]
[PlyCount "33"]
[EventDate "2004.01.02"]
[EventType "swiss"]
[EventRounds "7"]
[EventCountry "ITA"]
[SourceTitle "CBM 098 Extra"]
[Source "ChessBase"]
[SourceDate "2004.03.10"]
[SourceVersion "2"]
[SourceVersionDate "2004.03.10"]
[SourceQuality "1"]

1. e4 e6 2. d4 d5 3. e5 c5 4. c3 Nc6 5. Nf3 Qb6 6. Be2 Nge7 7. dxc5 Qxc5 8. Be3 Qa5 9. 0-0 Ng6 10. Bd4 a6 11. Nbd2 Qc7 12. Re1 Ngxe5 13. Nxe5 Nxe5 14. Bxe5 Qb6 15. Qb3 Qc6 16. c4 f6 17. cxd5 1-0

[Event "Arvier op 1st"]
[White "Rizzi, Pietro"]
[Black "Romano, Zeno"]
[Site "Arvier"]
[Round "4"]
[Result "0-1"]
[Date "2004.01.04"]
[WhiteElo "1413"]
[BlackElo "1494"]
[PlyCount "102"]
[EventDate "2004.01.02"]
[EventType "swiss"]
[EventRounds "7"]
[EventCountry "ITA"]
[SourceTitle "CBM 098 Extra"]
[Source "ChessBase"]
[SourceDate "2004.03.10"]
[SourceVersion "2"]
[SourceVersionDate "2004.03.10"]
[SourceQuality "1"]

1. d4 d5 2. Nf3 Nf6 3. e3 e6 4. c4 c5 5. Nc3 cxd4 6. exd4 Nc6 7. Be2 dxc4 8. Bxc4 Be7 9. 0-0 Na5 10. Bd3 0-0 11. Be3 b6 12. Ne4 Bb7 13. Nxf6+ Bxf6 14. b4 Nc6 15. Be4 Qd7 16. b5 Nb4 17. Bxb7 Qxb7 18. Qb1 Nd5 19. Qe4 Qd7 20. Bd2 Qxb5 21. a4 Qd7 22. Rfc1 Rfc8 23. Rxc8+ Rxc8 24. Bg5 Qc6 25. Bxf6 Nxf6 26. Qxc6 Rxc6 27. h3 h6 28. g4 Ne4 29. Ra2 f6 30. Kg2 a6 31. h4 g5 32. h5 Kf7 33. Rb2 Ke7 34. a5 b5 35. Nd2 Nxd2 36. Rxd2 b4 37. f3 b3 38. Kf1 Rc2 39. Ke1 b2 40. Rxc2 b1Q+ 41. Kd2 Kd7 42. Rc1 Qb4+ 43. Ke3 Qxa5 44. Rc5 Qxc5 45. dxc5 Kc6 46. Kd4 a5 47. Kc4 a4 48. Kb4 a3 49. Kxa3 Kxc5 50. Kb3 Kd4 51. Kc2 Ke3 0-1